Thanh toán Quốc tế

Shranjeno v:
Bibliografske podrobnosti
Glavni avtor: Nguyễn, Minh Kiểu
Format: Knjiga
Jezik:Undetermined
Izdano: Hà Nội Thống kê 2005
Teme:
Oznake: Označite
Brez oznak, prvi označite!
Thư viện lưu trữ: Trung tâm Học liệu Trường Đại học Cần Thơ
LEADER 00592nam a2200193Ia 4500
001 CTU_103522
008 210402s9999 xx 000 0 und d
082 |a 332.15 
082 |b K309 
100 |a Nguyễn, Minh Kiểu 
245 0 |a Thanh toán Quốc tế 
245 0 |c Nguyễn Minh Kiểu 
260 |a Hà Nội 
260 |b Thống kê 
260 |c 2005 
650 |a Banks and banking,Financial institutions, international,International economic relations 
650 |x Accounting 
904 |i Năm 
980 |a Trung tâm Học liệu Trường Đại học Cần Thơ